| 000 | 01808nam0a22003971 4500 | ||
|---|---|---|---|
| 001 | RU\NLR\bibl\885981 | ||
| 005 | 20250614170620.0 | ||
| 010 |
_a5-17-028741-0 _bАСТ |
||
| 010 |
_a5-478-00064-7 _bВосток-Запад _95000 |
||
| 021 |
_aRU _b2005-55737 _92726 |
||
| 035 | _a(nilc)EL/0000015986 | ||
| 035 | _a(NLR Aleph) 000874514 | ||
| 090 |
_a1620315 _c1620315 |
||
| 100 | _a20050418d2005 |||y0rusy50 ca | ||
| 101 | 0 | _arus | |
| 102 | _aRU | ||
| 105 | _aa ||||||||| | ||
| 200 | 1 |
_aКитайская цивилизация как она есть _e[Путеводитель по современному Китаю _fВ.В. Ульяненко и др. _gпредисл. Е.А. Торчинова, д.филос.н., проф.] |
|
| 210 |
_aМ. _cАСТ _cВосток-Запад _d2005 |
||
| 215 |
_a494 с. _cил. _d21 |
||
| 606 | 1 |
_aТуристские маршруты _yКитайская Народная Республика _91820512 _3RU\NLR\auth\661114707 |
|
| 607 |
_aКитайская Народная Республика _jПопулярные издания _xИстория _z1990 - 2000-ые гг. _92326078 _3RU\NLR\auth\661391302 |
||
| 607 |
_aКитайская Народная Республика _xОписание и путешествия _91089036 _3RU\NLR\auth\66426838 |
||
| 686 |
_a26.89(5Кит) _vLBC/PL _2rubbk |
||
| 686 | _aЧ518.115(5Кит) | ||
| 686 | _aТ3(5Кит)72я9 | ||
| 702 | 1 |
_aУльяненко _bВ. В. _gВиктор Васильевич _4220 |
|
| 801 | 0 |
_aRU _bЦГПБ Москва _c20050418 _gRCR |
|
| 801 | 1 |
_aRU _bЦГПБ Москва _c20050418 _2rusmarc |
|
| 801 | 2 |
_aRU _bNLR _c20051208 _grcr |
|
| 852 |
_aNLR _bОЛСАА-сл-спр _j3-4266 |
||
| 942 | _cBOOK | ||
| 980 | _aNB | ||
| 980 | 1 | _aSL_SPR | |